[Event "Krefeld Easter op"]
[Site "Krefeld"]
[Date "2025.04.17"]
[Round "1"]
[White "Scheck, Kyrill"]
[Black "Sommerfeld, Felix Samir"]
[Result "1-0"]
[WhiteElo "2146"]
[BlackElo "1819"]
[PlyCount "83"]
[EventDate "2025.04.17"]
[EventType "swiss"]
[EventRounds "9"]
[EventCountry "GER"]
[SourceTitle "CB17_2025"]
[SourceDate "2025.04.23"]
[SourceVersion "1"]
[SourceVersionDate "2025.04.23"]
[SourceQuality "1"]

1. d4 Nf6 2. c4 e6 3. g3 d5 4. Bg2 Bb4+ 5. Bd2 Be7 6. Nf3 c5 7. cxd5 exd5 8. dxc5 Bxc5 9. 0-0 0-0 10. Bg5 Nbd7 11. Nc3 h6 12. Bf4 Qb6 13. Na4 Qb5 14. Nxc5 Nxc5 15. a4 Qa6 16. Nd4 Bd7 17. b4 Nce4 18. b5 Qa5 19. Qe1 Qb6 20. Nf3 Rfe8 21. Be3 Qd8 22. Bd4 Qb8 23. Qb4 a6 24. b6 Bc6 25. Rfc1 Re6 26. Bh3 Qd6 27. Qxd6 Rxd6 28. Be5 Rdd8 29. Bc7 Re8 30. Ne5 g5 31. Bf5 Nd2 32. Nxc6 Nb3 33. Ne5 Nxa1 34. Rxa1 Ne4 35. Bxe4 dxe4 36. Nd7 Kg7 37. Nc5 e3 38. Nxb7 exf2+ 39. Kxf2 Re7 40. Nd6 Rf8 41. Nf5+ Kf6 42. Nxe7 1-0